| 000 -ლიდერი |
| ფიქსირებული სიგრძის საკონტროლო ველი |
01582nam a22002417a 4500 |
| 003 - საკონტროლო ნომრის იდენტიფიკატორი |
| საკონტროლო ველი |
Ge_BSU |
| 005 - ბოლო ოპერაციის თარიღი და დრო |
| საკონტროლო ველი |
20220531140914.0 |
| 008 - ფიქსირებული სიგრძის მონაცემთა ელემენტები - ზოგადი ინფორმაცია |
| ფიქსირებული სიგრძის საკონტროლო ველი |
220531s2019 ge ||||| |||| 00| 0 geo d |
| 020 ## - წიგნის საერთაშორისო სტანდარტული ნომერი |
| International Standard Book Number |
9789941819308 |
| 041 ## - ენის კოდი |
| Language code of text/sound track or separate title |
geo |
| 080 ## - უნივერსალური ათობითი კლასიფიკაციის ინდექსი |
| Universal Decimal Classification number |
2-1 შ-53 |
| 100 ## - მთავარი ჩანაწერი - პიროვნების სახელი |
| Personal name |
შესტოვი, ლევ |
| 9 (RLIN) |
13894 |
| 245 ## - ცნობა სათაურის შესახებ |
| Title |
შემოქმედი და დამანგრეველი სამყარო. კირკეგორი - რელიგიური ფილოსოფოსი. კირკეგორი და დოსტოევსკი. დიდი ფილოსოფოსის ხსოვნას (ედმუნდ ჰუსერლი) : |
| Remainder of title |
[კრებული] / |
| Statement of responsibility, etc |
ლევ შესტოვი ; მთარგმნელები: დიმიტრი უჩანეიშვილი, ირაკლი ბრაჭული, ქეთი ცხვარიაშვილი. |
| 264 ## - წარმოების, გამოცემის, დისტრიბუციის და სხვა ცნობები |
| გამოცემის, წარმოების, დისტრიბუციის... ადგილი |
თბილისი : |
| გამოცემის, წარმოების, დისტრიბუციის... სახელწოდება |
აქტი, |
| გამოცემის, წარმოების, დისტრიბუციის... თარიღი |
2019. |
| 300 ## - ფიზიკური აღწერა |
| Extent |
160 გვ. ; |
| Other physical details |
19 სმ. |
| 653 ## - INDEX TERM--UNCONTROLLED |
| Uncontrolled term |
რელიგიის ფილოსოფია |
| 653 ## - INDEX TERM--UNCONTROLLED |
| Uncontrolled term |
დანიელი ფილოსოფოსები |
| 653 ## - INDEX TERM--UNCONTROLLED |
| Uncontrolled term |
კირკეგორი, სიორენ. |
| 700 ## - ADDED ENTRY--PERSONAL NAME |
| Personal name |
უჩანეიშვილი, დიმიტრი |
| Relator term |
მთარგმნელი |
| 9 (RLIN) |
13895 |
| 700 ## - ADDED ENTRY--PERSONAL NAME |
| Personal name |
ბრაჭული, ირაკლი |
| Relator term |
მთარგმნელი. |
| 9 (RLIN) |
10107 |
| 700 ## - ADDED ENTRY--PERSONAL NAME |
| Personal name |
ცხვარიაშვილი, ქეთი |
| Relator term |
მთარგმნელი |
| 9 (RLIN) |
13910 |
| 942 ## - ADDED ENTRY ELEMENTS (KOHA) |
| Source of classification or shelving scheme |
|
| Koha item type |
წიგნი |